| 000 | 00437nam a2200157 a 4500 | ||
|---|---|---|---|
| 005 | 20140310183208.0 | ||
| 008 | 030207s19uu xx 00 eng d | ||
| 050 |
_aPZ 7 _b.K26 1987 |
||
| 100 | _aKeene, Carolyn | ||
| 245 |
_aThe Nancy Drew files case # 11 : _bheart of danger / _cCarolyn Keene. |
||
| 260 |
_aNew York : _bPocket books, _c1987. |
||
| 300 |
_a153 p. : _c18 cm. |
||
| 650 | _aFiction | ||
| 942 |
_cBK _2lcc |
||
| 999 |
_c20058 _d20058 |
||